Novelas ejemplares /

Guardado en:
Autor Principal: Cervantes Saavedra, Miguel de.
Formato: Libro
Idioma:Spanish
Publicado: Madrid : Espasa-Calpe, 1928.
Etiquetas: Agregar Etiqueta
Sin Etiquetas, Sea el primero en etiquetar este registro!
LEADER 00572nam a22001575a 4500
001 EUN.um048431
003 AR-BaUNS
005 20050623122916.0
008 041125s1928####sp############000#0#spa#d
245 1 0 |a Novelas ejemplares /  |c Miguel de Cervantes Saavedra. Edición y notas de Francisco Rodríguez Marín. 
260 |a Madrid :  |b Espasa-Calpe,  |c 1928. 
300 |a 2 v. 
100 1 |a Cervantes Saavedra, Miguel de. 
082 0 4 |a 863.3 
859 |a Ar-BaUNS  |b BIB. CENTRAL - Sector C  |h 863.3  |i C337n  |p 1087/951  |v v.1 
859 |a Ar-BaUNS  |b BIB. CENTRAL - Sector C  |h 863.3  |i C337n  |p 3765/958  |t Ej.2  |v v.1